000 00412nam a22001577a 4500
003 OSt
008 250903b |||||||| |||| 00| 0 eng d
041 _amal
082 _a520
_bKAL/VI
100 _aKallurutti, Sathyan
_97824
245 _aVismayachandran
_bവിസ്മയചന്ദ്രന്‍
260 _aKozhikode :
_bB.C. Books,
_c2014.
300 _a49 p.
650 _aScience
_97823
942 _cBK
999 _c19508
_d19508